000
00346 a2200169 4500
001
44922
020
_a
8508035721
040
_c
Anchieta - Aquarius
100
_a
França, Mary
240
1
0
_a
*Sapato novo
_l
por
245
1
0
_a
*Sapato novo
300
_a
362
0
_a
1999
440
1
_a
Ática
650
4
_a
Literatura infantil
942
_c
BK
999
_c
44922
_d
44922